000 00612nam a2200193 a 4500
001 4032
005 20140414131958.0
008 081119s19uu xx 00 eng d
020 _a0-590-87304-0
050 _aTR 808
_bM11 1999
100 _aMariconda, Barbara
245 _aThe Most wonderful writing lessons ever :
_bgrades 2-4 /
_cBarbara Mariconda.
260 _aNY :
_bScholastic Proffesional Books,
_c1999.
300 _a128 p. ; ill.
440 _aScholastic Teaching Strategies
650 _aCreative Writing- - Juvenile literature
650 _aLanguagearts-- Juvenile literature
999 _c112989
_d112989